| 000 | 00790nam a2200193Ia 4500 | ||
|---|---|---|---|
| 999 |
_c37568 _d37568 |
||
| 001 | 3537 | ||
| 003 | GE_BSU | ||
| 005 | 20190603180549.0 | ||
| 008 | 181216s1976||||ge |||||||||||||| ||geo|| | ||
| 040 | _cGE_BSU | ||
| 041 | _ageo | ||
| 080 | _a615.384+615.38 ტ-97 | ||
| 100 |
_aტყეშელაშვილი,თ. _92024 |
||
| 245 |
_aსისხლშემვლელები,სისხლის კომპონენტები და პრეპარატები / _cთ.ტყეშელაშვილი ; რედ : ა. ბაჩიძე. |
||
| 264 |
_aთბილისი : _bგანათლება, _c1976. |
||
| 300 |
_a210 გვ. : _bილ; _c21 სმ |
||
| 700 |
_aბაჩიძე, ა _eრედაქტორი _92025 |
||
| 942 |
_cBK _2udc |
||